[Event "41st Olympiad Women 2014"]
[Site "Tromso NOR"]
[Date "2014.08.10"]
[Round "8.49"]
[Board "3"]
[White "Diaz Cesar, Wilsaida Pieranlly"]
[Black "Debowska, Teresa"]
[Result "1/2-1/2"]
[BlackTitle "FM"]
[WhiteElo "1769"]
[BlackElo "1708"]
[WhiteTeam "Dominican Republic"]
[BlackTeam "IBCA"]
[WhiteFideId "6403557"]
[BlackFideId "1120816"]
[EventDate "2014.08.02"]

1. d4 c5 2. Nf3 cxd4 3. Nxd4 d5 4. Bf4 Nc6 5. Nf3 Nf6 6. e3 a6 7. Be2 e6 8. O-O
Bd6 9. Bxd6 Qxd6 10. c4 Qe7 11. cxd5 Nxd5 12. Nd4 Nxd4 13. Qxd4 O-O 14. Bf3 Qf6
15. Qxf6 Nxf6 16. Nc3 Rb8 17. Rad1 b5 18. h3 b4 19. Ne4 Nxe4 20. Bxe4 a5 21. Rd6
Bb7 22. Bxb7 Rxb7 23. Ra6 Rb5 24. Rc1 g6 25. Ra7 Rd8 26. Rcc7 Rd1+ 27. Kh2 Rf5
28. Rc2 Rf1 29. f3 Ra1 30. b3 Re5 31. e4 h5 32. h4 Rb5 33. Rc8+ Kg7 34. Rcc7
Rxa2 35. Rxf7+ Kg8 36. Rf6 Rc5 37. Rxg6+ Kh8 38. Rxe6 Rc8 39. Rd6 Ra3 40. Rd3
Ra2 41. Rd5 Rb2 42. Rxh5+ Kg8 43. Rhxa5 Rxb3 44. Rb5 Rb2 45. h5 b3 46. Kh3 Rb1
47. Rab7 Rc3 48. Kg4 Rc8 49. Rxb3 Rg1 50. g3 Rh1 51. R3b6 Rhc1 52. Rg6+ Kh8 53.
f4 R1c5 54. e5 Rc3 55. Rgg7 Rxg3+ 56. Kxg3 Rc3+ 57. Kg4 Rg3+ 58. Kf5 Rg5+ 59.
Ke6 Rxe5+ 60. Kd7 Rd5+ 61. Ke8 Rd8+ 62. Kf7 Rf8+ 63. Kg6 Rf6+ 64. Kg5 Rf5+ 65.
Kh4 Rxh5+ 66. Kg3 Rh3+ 67. Kf2 Rf3+ 68. Kxf3 1/2-1/2

[Event "41st Olympiad Women 2014"]
[Site "Tromso NOR"]
[Date "2014.08.10"]
[Round "8.49"]
[Board "4"]
[White "Zarubinskaya, Irina"]
[Black "Santos Almonte, Carol"]
[Result "1/2-1/2"]
[WhiteElo "1812"]
[BlackElo "1774"]
[WhiteTeam "IBCA"]
[BlackTeam "Dominican Republic"]
[WhiteFideId "14124440"]
[BlackFideId "6402348"]
[EventDate "2014.08.02"]

1. e4 e6 2. d4 d5 3. exd5 exd5 4. h3 Bd6 5. Nf3 Ne7 6. Bd3 O-O 7. O-O Bf5 8. Nc3
c6 9. Bg5 f6 10. Be3 Re8 11. Ne2 Nd7 12. Bf4 Nb6 13. Bxd6 Qxd6 14. Ng3 Bxd3 15.
Qxd3 Ng6 16. c3 Qc7 17. Rfe1 Nc4 18. Qc2 Qd7 19. Nf5 Rxe1+ 20. Rxe1 Re8 21. b3
Rxe1+ 22. Nxe1 Qe6 23. Kf1 Nd6 24. Nxd6 Qxd6 25. g3 Qe6 26. h4 Kf7 27. Qe2 Qxe2+
28. Kxe2 b6 29. Nd3 Ke6 30. Kf3 f5 31. h5 Ne7 32. Kf4 h6 33. Ne5 c5 34. Ke3 Kd6
35. Nd3 cxd4+ 36. Kxd4 Nc6+ 37. Ke3 Ne5 38. Nxe5 Kxe5 39. f4+ Ke6 40. Kd4 Kd6
41. a4 a6 42. b4 a5 43. bxa5 bxa5 44. c4 dxc4 45. Kxc4 Kc6 1/2-1/2

[Event "41st Olympiad Women 2014"]
[Site "Tromso NOR"]
[Date "2014.08.10"]
[Round "8.50"]
[Board "1"]
[White "Jennitha, Anto K."]
[Black "Steil-Antoni, Fiona"]
[Result "0-1"]
[WhiteTitle "WIM"]
[BlackTitle "WIM"]
[WhiteElo "1964"]
[BlackElo "2112"]
[WhiteTeam "IPCA"]
[BlackTeam "Luxembourg"]
[WhiteFideId "5018218"]
[BlackFideId "4001249"]
[EventDate "2014.08.02"]

1. e4 e5 2. Nf3 Nc6 3. Bb5 a6 4. Ba4 d6 5. O-O Bd7 6. c3 Nge7 7. d4 Ng6 8. Re1
Be7 9. Nbd2 h6 10. Nf1 Bg5 11. Ne3 Bxe3 12. Bxe3 O-O 13. Bc2 Qe7 14. h3 Rad8 15.
Qe2 Qf6 16. Rad1 Rfe8 17. d5 Nce7 18. Kh2 Nf8 19. g3 g5 20. Nd2 Nfg6 21. c4 Kg7
22. b4 Nf4 23. Bxf4 gxf4 24. Nf3 Ng6 25. Rd3 Rh8 26. Ng1 Rdg8 27. Rc3 h5 28. Qd2
Qg5 29. Nf3 Qh6 30. Rg1 Bg4 31. Qc1 Kf8 32. h4 Qg7 33. c5 Qf6 34. Bd1 Bxf3 35.
Bxf3 Nxh4 36. Bg2 Nxg2 37. Rxg2 f3 38. Rg1 Rg4 39. Re1 h4 40. Kh3 hxg3+ 41. Kxg4
Rg8+ 0-1

[Event "41st Olympiad Women 2014"]
[Site "Tromso NOR"]
[Date "2014.08.10"]
[Round "8.50"]
[Board "2"]
[White "Kremer, Nadine"]
[Black "Melnik, Galina"]
[Result "0-1"]
[BlackTitle "WIM"]
[WhiteElo "1844"]
[BlackElo "2017"]
[WhiteTeam "Luxembourg"]
[BlackTeam "IPCA"]
[WhiteFideId "4002970"]
[BlackFideId "4121929"]
[EventDate "2014.08.02"]

1. e4 c6 2. d4 d5 3. Nc3 dxe4 4. Nxe4 Bf5 5. Ng3 Bg6 6. h4 h6 7. Nf3 Nd7 8. h5
Bh7 9. Bd3 Bxd3 10. Qxd3 Qc7 11. Bd2 e6 12. O-O-O Ngf6 13. Ne4 O-O-O 14. g3 Nxe4
15. Qxe4 Nf6 16. Qe2 Bd6 17. c4 c5 18. Bc3 Rhe8 19. Ne5 Kb8 20. dxc5 Bxc5 21. f4
Qe7 22. Nxf7 Qxf7 23. Qe5+ Qc7 24. Rxd8+ Rxd8 25. Qxe6 Ka8 26. Bxf6 gxf6 27.
Qxf6 Bd4 28. Qe6 Qg7 29. Qg6 Bxb2+ 30. Kb1 Qd4 31. Qc2 Ba3 32. Re1 a6 33. Qb3
Bf8 34. Rc1 Bg7 35. Qb2 0-1

[Event "41st Olympiad Women 2014"]
[Site "Tromso NOR"]
[Date "2014.08.10"]
[Round "8.50"]
[Board "3"]
[White "Kurochkina, Elena"]
[Black "Bakalarz, Grazyna"]
[Result "0-1"]
[BlackTitle "WFM"]
[WhiteElo "1797"]
[BlackElo "1972"]
[WhiteTeam "IPCA"]
[BlackTeam "Luxembourg"]
[WhiteFideId "24145890"]
[BlackFideId "4000730"]
[EventDate "2014.08.02"]

1. d4 Nf6 2. c4 g6 3. Nc3 d5 4. cxd5 Nxd5 5. Bd2 Bg7 6. e4 Nb6 7. Be3 O-O 8. Be2
e5 9. Nf3 exd4 10. Bxd4 Bxd4 11. Nxd4 Qe7 12. Qb3 c5 13. Nf3 Be6 14. Qc2 Nc6 15.
O-O Rad8 16. Na4 Nxa4 17. Qxa4 a6 18. Rfd1 Bd7 19. Qc2 Nb4 20. Qc3 Qxe4 21. Ne5
Bf5 22. Bf3 Rxd1+ 23. Rxd1 Qc2 24. Rc1 Qxc3 25. Rxc3 Nxa2 26. Rxc5 b6 27. Rd5
Nb4 28. Rd1 Re8 29. Nc4 Bc2 30. Ra1 b5 31. Ne3 Be4 32. Bd1 f5 33. Bb3+ Kg7 34.
h3 Re7 35. Rd1 a5 36. Rd8 a4 37. Bd1 f4 38. Ng4 h5 39. Nh2 Bd3 40. Nf3 Be2 41.
Rd4 Nc6 42. Bxe2 Nxd4 43. Nxd4 Re4 44. Nxb5 Rxe2 45. Nc3 Rxb2 46. Nxa4 Rb1+ 47.
Kh2 Rc1 48. Nb6 Rc2 49. f3 Kf6 50. h4 Ke6 51. Kh3 Kd6 52. g3 Kc6 53. Nc8 Kd7 54.
Nb6+ Kd6 55. gxf4 Rc6 56. Na4 Rc4 57. Nb2 Rxf4 58. Kg3 Rd4 59. f4 Ke6 60. Kh3
Kf5 61. Kg3 Ke4 0-1

[Event "41st Olympiad Women 2014"]
[Site "Tromso NOR"]
[Date "2014.08.10"]
[Round "8.50"]
[Board "4"]
[White "Blond Hanten, Elsa"]
[Black "Kaydanovich, Marina"]
[Result "0-1"]
[BlackTitle "WIM"]
[WhiteElo "1441"]
[BlackElo "1851"]
[WhiteTeam "Luxembourg"]
[BlackTeam "IPCA"]
[WhiteFideId "4001516"]
[BlackFideId "4134877"]
[EventDate "2014.08.02"]

1. e4 e5 2. Nf3 Nc6 3. Bc4 Bc5 4. c3 Nf6 5. d4 exd4 6. cxd4 Bb4+ 7. Bd2 Bxd2+ 8.
Nbxd2 d5 9. exd5 Nxd5 10. O-O O-O 11. Rc1 Bg4 12. h3 Bh5 13. Bxd5 Qxd5 14. Rc5
Bxf3 15. Rxd5 Bxd1 16. Rxd1 Rad8 17. Rxd8 Rxd8 18. Nb3 Nb4 19. a3 Nd5 20. Na5
Rb8 21. Re1 Kf8 22. g3 a6 23. Kg2 f6 24. f4 b6 25. Nc4 Re8 26. Rxe8+ Kxe8 27.
Kf3 Kd7 28. Ke4 c6 29. g4 a5 30. h4 a4 31. Ne3 Nxe3 32. Kxe3 Kd6 33. Ke4 Ke6 34.
f5+ Kd6 35. Ke3 Kd5 36. Kd3 h6 37. h5 b5 38. Kc3 Ke4 39. b3 axb3 40. Kxb3 Kxd4
41. Kb4 Kd5 42. Kc3 c5 43. Kb3 Ke5 0-1

[Event "41st Olympiad Women 2014"]
[Site "Tromso NOR"]
[Date "2014.08.10"]
[Round "8.51"]
[Board "1"]
[White "Wang, Chengjia"]
[Black "Hashimoto, Azumi"]
[Result "1-0"]
[WhiteElo "1989"]
[BlackElo "1712"]
[WhiteTeam "South Korea"]
[BlackTeam "Japan"]
[WhiteFideId "8601844"]
[BlackFideId "7001800"]
[EventDate "2014.08.02"]

1. e4 e6 2. d4 d5 3. exd5 exd5 4. Bd3 Nc6 5. c3 Bd6 6. Ne2 Qh4 7. Nd2 Bg4 8. Qb3
O-O-O 9. Qxd5 Nge7 10. Qb5 Rhe8 11. Ne4 Bxe2 12. Nxd6+ Rxd6 13. Bxe2 Nd5 14. O-O
g5 15. Bf3 Rh6 16. h3 Nf4 17. Qf5+ Kb8 18. Bxf4 gxf4 19. Qxf7 Rhe6 20. Qh5 Qxh5
21. Bxh5 Rd8 22. Rae1 Rh6 23. Bg4 Rg6 24. Re4 Rf8 25. Rfe1 Rgg8 26. Bd7 Nd8 27.
Re8 a5 28. Rxf8 Rxf8 29. Re8 Rxe8 30. Bxe8 Ne6 31. Bd7 Ng5 32. Bf5 h6 33. Kf1 c6
34. h4 Nf7 35. Ke2 Kc7 36. Kf3 Kd6 37. Kxf4 Kd5 38. g4 b5 39. Be4+ Kd6 40. g5
hxg5+ 41. hxg5 Nd8 42. Kf5 Ke7 43. g6 a4 44. f4 Nb7 45. Bxc6 Nd6+ 46. Kg5 Kf8
47. Kf6 1-0

[Event "41st Olympiad Women 2014"]
[Site "Tromso NOR"]
[Date "2014.08.10"]
[Round "8.51"]
[Board "2"]
[White "Hoshino, Karen"]
[Black "Lim, Hakyung"]
[Result "1/2-1/2"]
[WhiteTitle "WCM"]
[BlackTitle "WCM"]
[WhiteElo "1738"]
[BlackElo "1567"]
[WhiteTeam "Japan"]
[BlackTeam "South Korea"]
[WhiteFideId "2137984"]
[BlackFideId "13200615"]
[EventDate "2014.08.02"]

1. d4 d5 2. c4 e6 3. Nc3 Nf6 4. Bg5 Be7 5. cxd5 exd5 6. Qc2 c6 7. e3 O-O 8. Bd3
Nbd7 9. Nf3 Re8 10. O-O h6 11. Bh4 Ne4 12. Bg3 Nxg3 13. hxg3 Nf6 14. Rab1 c5 15.
dxc5 Bxc5 16. Nb5 Bb6 17. Nbd4 Bg4 18. Rbc1 Ne4 19. Rfe1 Bxf3 20. Nxf3 Rc8 21.
Qb1 Ng5 22. Rxc8 Nxf3+ 23. gxf3 Qxc8 24. Rc1 Qd8 25. Bb5 Re6 26. Qd3 Rd6 27. Qf5
Qe7 28. Bd3 g6 29. Qf4 Kg7 30. Kg2 Qf6 31. Qxf6+ Kxf6 32. f4 Rc6 33. Rxc6+ bxc6
34. b3 c5 35. Kf3 h5 36. Ke2 Ba5 37. Bb5 Ke6 38. Kd3 Be1 39. Ke2 Ba5 40. Kd3 Be1
41. Ke2 Ba5 42. Kd3 Be1 1/2-1/2

[Event "41st Olympiad Women 2014"]
[Site "Tromso NOR"]
[Date "2014.08.10"]
[Round "8.51"]
[Board "4"]
[White "Hasegawa, Emi"]
[Black "Kim, Yubin"]
[Result "1-0"]
[WhiteTitle "WCM"]
[WhiteElo "1698"]
[BlackElo "1421"]
[WhiteTeam "Japan"]
[BlackTeam "South Korea"]
[WhiteFideId "7000103"]
[BlackFideId "13202316"]
[EventDate "2014.08.02"]

1. d4 d5 2. c4 e6 3. Nc3 Nf6 4. cxd5 exd5 5. Bg5 c6 6. e3 Be7 7. Bd3 Nbd7 8. Qc2
O-O 9. Nge2 Re8 10. O-O Nf8 11. f3 h6 12. Bh4 Be6 13. Rad1 Rc8 14. Kh1 Qc7 15.
Bg3 Bd6 16. e4 dxe4 17. fxe4 Bxg3 18. Nxg3 Rcd8 19. Be2 Qb6 20. Qd2 N8h7 21. Na4
Qc7 22. b3 Qd7 23. Nc5 Qc7 24. Nxe6 Rxe6 25. Qc2 Qb6 26. Bc4 Re7 27. d5 cxd5 28.
exd5 Red7 29. Qf5 Qc5 30. d6 Qxf5 31. Nxf5 Ne8 32. Ne7+ Kh8 33. Bxf7 Rxe7 34.
dxe7 Rxd1 35. Rxd1 Nhf6 36. Rd8 g5 37. Bxe8 Kg7 38. Bh5 a6 39. e8=Q Nxe8 40.
Rxe8 1-0

[Event "41st Olympiad Women 2014"]
[Site "Tromso NOR"]
[Date "2014.08.10"]
[Round "8.52"]
[Board "1"]
[White "Mazariegos, Silvia Carolina"]
[Black "Nouman, Amna"]
[Result "1/2-1/2"]
[WhiteTitle "WIM"]
[BlackTitle "WIM"]
[WhiteElo "2017"]
[BlackElo "1869"]
[WhiteTeam "Guatemala"]
[BlackTeam "United Arab Emirates"]
[WhiteFideId "7300115"]
[BlackFideId "9301500"]
[EventDate "2014.08.02"]

1. d4 c5 2. e3 Nf6 3. Bd3 g6 4. Nd2 Qc7 5. b3 Bg7 6. Bb2 b6 7. Qe2 Bb7 8. Ngf3
d6 9. O-O O-O 10. c4 e6 11. Rad1 Nbd7 12. Ng5 h6 13. Nge4 Nxe4 14. Bxe4 Rad8 15.
Bxb7 Qxb7 16. Nf3 a6 17. dxc5 Nxc5 18. Bxg7 Kxg7 19. Qb2+ Kg8 20. Qf6 Ne4 21.
Qh4 Kg7 22. Nd2 Nf6 23. e4 Rd7 24. Qg3 Nxe4 25. Nxe4 Qxe4 26. Rxd6 Rfd8 27. Qc3+
Kg8 28. Rxd7 Rxd7 29. Re1 Qd4 30. Qxd4 Rxd4 31. Kf1 Rd2 32. Re2 Rd1+ 33. Re1 Rd2
34. Re2 Rd1+ 35. Re1 Rd2 36. Re2 Rd1+ 1/2-1/2

[Event "41st Olympiad Women 2014"]
[Site "Tromso NOR"]
[Date "2014.08.10"]
[Round "8.52"]
[Board "2"]
[White "Al-Zarouni, Aisha"]
[Black "Mencos, Claudia"]
[Result "0-1"]
[BlackTitle "WIM"]
[WhiteElo "1689"]
[BlackElo "2017"]
[WhiteTeam "United Arab Emirates"]
[BlackTeam "Guatemala"]
[WhiteFideId "9302972"]
[BlackFideId "7300573"]
[EventDate "2014.08.02"]

1. d4 d5 2. c4 c6 3. Nc3 dxc4 4. e4 b5 5. a4 b4 6. Na2 Nf6 7. f3 e6 8. Be3 a5 9.
Bxc4 Be7 10. Ne2 O-O 11. Nac1 Nbd7 12. Nb3 e5 13. Qc2 Qc7 14. Rc1 Bd6 15. Bd3
Bb7 16. O-O exd4 17. Nexd4 Bxh2+ 18. Kh1 Bf4 19. Nxc6 Bxc6 20. Bxf4 Qxf4 21.
Qxc6 Ne5 22. Qc2 Qh6+ 23. Kg1 Qe3+ 24. Kh1 Nxd3 25. Rcd1 Rad8 26. Nxa5 Nf2+ 27.
Rxf2 Rxd1+ 28. Qxd1 Qxf2 29. Nc4 Nh5 30. b3 Nf4 0-1

[Event "41st Olympiad Women 2014"]
[Site "Tromso NOR"]
[Date "2014.08.10"]
[Round "8.52"]
[Board "3"]
[White "Figueroa, Julissa"]
[Black "Abeer, Ali"]
[Result "1-0"]
[WhiteTitle "WCM"]
[WhiteElo "1833"]
[BlackElo "1657"]
[WhiteTeam "Guatemala"]
[BlackTeam "United Arab Emirates"]
[WhiteFideId "7300450"]
[BlackFideId "9302930"]
[EventDate "2014.08.02"]

1. e4 c6 2. d4 d5 3. Nc3 dxe4 4. Nxe4 Nf6 5. Nxf6+ gxf6 6. Bc4 Bf5 7. Nf3 Nd7 8.
Nh4 Bg6 9. Nxg6 hxg6 10. Qe2 Nb6 11. Be3 Qc7 12. h3 Nxc4 13. Qxc4 e6 14. O-O-O
O-O-O 15. Rd3 Bh6 16. Bxh6 Rxh6 17. Rf3 f5 18. Qc5 Kb8 19. Qe5 Qxe5 20. dxe5 Rh4
21. Rd1 Rxd1+ 22. Kxd1 Re4 23. Re3 Rxe3 24. fxe3 c5 25. Ke2 Kc7 26. Kf3 Kc6 27.
e4 c4 28. c3 a5 29. Kf4 Kd7 30. Kg5 Ke7 31. Kf4 f6 32. exf5 exf5 33. h4 Ke6 34.
exf6 Kxf6 35. g4 Ke6 36. gxf5+ gxf5 37. h5 Kf6 38. h6 Kg6 39. h7 Kxh7 40. Kxf5
b5 41. a3 Kg7 42. Ke6 Kf8 43. Kd5 Ke7 44. Ke4 1-0

[Event "41st Olympiad Women 2014"]
[Site "Tromso NOR"]
[Date "2014.08.10"]
[Round "8.52"]
[Board "4"]
[White "Al Dhaffari, Salma"]
[Black "Mencos Castillo, Maria"]
[Result "1/2-1/2"]
[WhiteTitle "WFM"]
[BlackTitle "WIM"]
[WhiteElo "1599"]
[BlackElo "1808"]
[WhiteTeam "United Arab Emirates"]
[BlackTeam "Guatemala"]
[WhiteFideId "9305335"]
[BlackFideId "7300867"]
[EventDate "2014.08.02"]

1. d4 Nf6 2. c4 e6 3. Nc3 d5 4. cxd5 exd5 5. Bg5 Nbd7 6. e3 c6 7. Qc2 g6 8. Bd3
Bg7 9. Nge2 O-O 10. O-O Qe8 11. b4 Nh5 12. b5 f5 13. bxc6 bxc6 14. Na4 Ndf6 15.
Rfc1 Bd7 16. Nc5 Rc8 17. Rab1 Ne4 18. Ba6 Rc7 19. Bf4 Nxf4 20. Nxf4 g5 21. Nfd3
Nxc5 22. Qxc5 Bc8 23. Rb8 Qe6 24. Rxc8 Rfxc8 25. Bxc8 Qxc8 26. Nb4 Bf8 27. Qa5
Qb8 28. Nxd5 Rf7 29. Nc3 Bb4 30. Rb1 Qxh2+ 31. Kxh2 Bxa5 32. Na4 Kg7 33. g3 h6
34. Nc5 Bb6 35. Rc1 Rf6 36. Kg2 Rd6 37. Nd3 Kf7 38. Ne5+ Ke6 39. Nxc6 f4 40. Ne5
fxg3 41. fxg3 Ke7 42. Rc6 Rxc6 43. Nxc6+ Kd6 44. Ne5 Kd5 45. Kf3 h5 46. Nf7 g4+
47. Kf4 Bc7+ 48. Ne5 a5 49. a4 Bd8 50. Kf5 Bc7 51. Kg5 Ke4 52. Kxh5 Kxe3 53.
Kxg4 Kxd4 54. Nc6+ Kc5 55. Nxa5 Bxa5 56. Kf5 Bd2 1/2-1/2

[Event "41st Olympiad Women 2014"]
[Site "Tromso NOR"]
[Date "2014.08.10"]
[Round "8.54"]
[Board "1"]
[White "Smith, Javanna"]
[Black "Milligan, Helen"]
[Result "0-1"]
[WhiteTitle "WCM"]
[BlackTitle "CM"]
[WhiteElo "1747"]
[BlackElo "1938"]
[WhiteTeam "Trinidad & Tobago"]
[BlackTeam "New Zealand"]
[WhiteFideId "7700466"]
[BlackFideId "2401312"]
[EventDate "2014.08.02"]

1. e4 e5 2. Nf3 Nc6 3. Bb5 a6 4. Ba4 Nf6 5. d3 d6 6. O-O g6 7. Nc3 Bg7 8. a3 O-O
9. Ne2 Bg4 10. Bxc6 bxc6 11. Ng3 c5 12. h3 Bd7 13. Be3 Rb8 14. Qc1 Qe7 15. c4
Rb3 16. Nd2 Rb7 17. Qc3 Rfb8 18. Rfb1 Ne8 19. Nf3 f5 20. Bg5 Qf7 21. Bc1 Rb3 22.
Qd2 f4 23. Ne2 h6 24. Qd1 g5 25. Nh2 Nf6 26. Nc3 h5 27. Nd5 Nxd5 28. cxd5 c6 29.
dxc6 Bxc6 30. g4 Bb5 31. a4 Bxd3 32. f3 d5 33. exd5 Qxd5 34. gxh5 Qd4+ 35. Kg2
e4 36. h6 Be5 37. h7+ Kxh7 38. h4 exf3+ 39. Kh1 Bxb1 0-1

[Event "41st Olympiad Women 2014"]
[Site "Tromso NOR"]
[Date "2014.08.10"]
[Round "8.54"]
[Board "2"]
[White "Meyer, Marany"]
[Black "Soondarsingh, Aditi"]
[Result "1-0"]
[WhiteTitle "WIM"]
[BlackTitle "WCM"]
[WhiteElo "2064"]
[BlackElo "1747"]
[WhiteTeam "New Zealand"]
[BlackTeam "Trinidad & Tobago"]
[WhiteFideId "14300435"]
[BlackFideId "7700598"]
[EventDate "2014.08.02"]

1. e4 c5 2. Nc3 g6 3. f4 Bg7 4. Nf3 Nc6 5. Bc4 e6 6. d3 Nge7 7. O-O d5 8. Bb5
O-O 9. Bxc6 bxc6 10. e5 f6 11. exf6 Bxf6 12. Kh1 Nf5 13. Ne2 Qc7 14. c3 Ba6 15.
g4 Ne7 16. Be3 d4 17. cxd4 Rad8 18. Qb3 Nd5 19. Bd2 Rb8 20. Qa3 Bc8 21. Qxc5
Rxb2 22. Rfb1 Rxb1+ 23. Rxb1 Be7 24. Qc2 Nxf4 25. Nxf4 Rxf4 26. Bxf4 Qxf4 27.
Qxc6 Bd7 28. Qe4 Qc7 29. Rb7 Qc1+ 30. Kg2 Qc2+ 31. Kh3 Qa4 32. Ne5 Qd1 33. Rxd7
Qf1+ 34. Qg2 Qf6 35. Qf3 Qh4+ 36. Kg2 1-0

[Event "41st Olympiad Women 2014"]
[Site "Tromso NOR"]
[Date "2014.08.10"]
[Round "8.54"]
[Board "3"]
[White "Johnson, Gabriella"]
[Black "Gao, Judy"]
[Result "1/2-1/2"]
[BlackTitle "WFM"]
[WhiteElo "1634"]
[BlackElo "1947"]
[WhiteTeam "Trinidad & Tobago"]
[BlackTeam "New Zealand"]
[WhiteFideId "7701128"]
[BlackFideId "4302257"]
[EventDate "2014.08.02"]

1. e4 d5 2. exd5 Qxd5 3. d4 c6 4. Nf3 Bg4 5. Be2 e6 6. c4 Qa5+ 7. Nc3 Nf6 8. O-O
Bd6 9. h3 Bh5 10. Qb3 Qb6 11. Qxb6 axb6 12. Re1 O-O 13. a3 Na6 14. Be3 Rfd8 15.
Rad1 Nc7 16. Ng5 Bxe2 17. Rxe2 Ra5 18. Nge4 Nxe4 19. Nxe4 b5 20. Nxd6 Rxd6 21.
Bf4 Rd7 22. Bxc7 Rxc7 23. Re5 Kf8 24. Rc1 Ra4 25. cxb5 Rxd4 26. Rec5 Rd5 27.
bxc6 Rxc5 28. Rxc5 bxc6 29. b4 Ke7 30. Kf1 Kd6 31. Ke2 e5 32. Ke3 f5 33. Kd3 1/2-1/2

[Event "41st Olympiad Women 2014"]
[Site "Tromso NOR"]
[Date "2014.08.10"]
[Round "8.54"]
[Board "4"]
[White "Timergazi, Layla"]
[Black "Rahaman, Najarah"]
[Result "1-0"]
[WhiteElo "1874"]
[BlackElo "1478"]
[WhiteTeam "New Zealand"]
[BlackTeam "Trinidad & Tobago"]
[WhiteFideId "4303733"]
[BlackFideId "7702442"]
[EventDate "2014.08.02"]

1. d4 Nf6 2. c4 g6 3. Nc3 Bg7 4. e4 d6 5. h3 O-O 6. Bg5 Nbd7 7. Nf3 a5 8. Bd3 b6
9. O-O e5 10. d5 Nb8 11. Qc2 Bd7 12. a3 c6 13. b4 Na6 14. Bxf6 Qxf6 15. dxc6
axb4 16. Nd5 Qd8 17. cxd7 b3 18. Qxb3 Nc5 19. Qc2 Rb8 20. Rab1 Nxd7 21. Rb4 Re8
22. Rfb1 Kh8 23. a4 h6 24. Qb2 Nc5 25. Bc2 Nd7 26. Nxb6 Nxb6 27. Rxb6 Rc8 28.
Qb4 Bf8 29. Qb5 Be7 30. a5 Kg7 31. a6 d5 32. exd5 Kh7 33. a7 Bc5 34. Rb7 Bd6 35.
Rxf7+ Kg8 36. Rd7 Qf6 37. Qb6 Be7 38. Qxf6 Bxf6 39. Bxg6 Rf8 40. Rdb7 Ra8 41. c5
Kh8 42. Rb8 Bg7 43. Rxa8 Rxa8 44. Rb8+ Rxb8 45. axb8=Q+ Bf8 46. Qxf8# 1-0

[Event "41st Olympiad Women 2014"]
[Site "Tromso NOR"]
[Date "2014.08.10"]
[Round "8.55"]
[Board "1"]
[White "Frijde, Reyna"]
[Black "Olatunji, Oluwatobiloba"]
[Result "0-1"]
[WhiteTitle "WCM"]
[BlackTitle "WFM"]
[WhiteElo "1607"]
[BlackElo "1860"]
[WhiteTeam "Surinam"]
[BlackTeam "Nigeria"]
[WhiteFideId "8200335"]
[BlackFideId "8500924"]
[EventDate "2014.08.02"]

1. e4 e6 2. d4 d5 3. e5 c5 4. c3 Nc6 5. Nf3 Qb6 6. Be2 Nge7 7. Na3 cxd4 8. cxd4
Nf5 9. Nc2 Nb4 10. Ne3 Nh6 11. g4 Bd7 12. Kf1 Bb5 13. g5 Ng8 14. h4 Bxe2+ 15.
Qxe2 Qa6 16. Bd2 h6 17. Qxa6 Nxa6 18. Ke2 Be7 19. Ng2 Rc8 20. Rac1 Rxc1 21. Rxc1
Kd7 22. Rg1 g6 23. a3 h5 24. Nf4 Bd8 25. Nd3 b6 26. Rc1 Ne7 27. Nb4 Nxb4 28.
Bxb4 Nf5 29. Kd3 Bc7 30. Ke2 Rc8 31. Kd3 Bd8 32. Rxc8 Kxc8 33. Bc3 Kb7 34. b3
Ka6 35. Bb4 Kb5 36. Bc3 Ka6 37. Bb4 Kb5 38. Bc3 Kc6 39. Bd2 Be7 40. a4 b5 41.
Bc3 bxa4 42. bxa4 Kb6 43. Kc2 Ka6 44. Bd2 Bd8 45. Kb3 Bb6 46. Bc3 Ba5 47. Bb4
Bb6 48. Bc3 Ne7 49. Kc2 Ba5 50. Bxa5 Kxa5 51. Kb3 Nc8 52. Nd2 Nb6 53. Ka3 Nxa4
54. Kb3 Nb6 55. f3 Nc8 56. Nf1 Ne7 57. Ne3 Kb5 58. f4 a5 59. Ka3 Nc6 60. Nc2 Kc4
61. Kb2 Nxd4 62. Nxd4 Kxd4 0-1

[Event "41st Olympiad Women 2014"]
[Site "Tromso NOR"]
[Date "2014.08.10"]
[Round "8.56"]
[Board "1"]
[White "Lyons, Kieran"]
[Black "Faqih, Yara"]
[Result "1-0"]
[WhiteTitle "WFM"]
[WhiteElo "1811"]
[BlackElo "1410"]
[WhiteTeam "Fiji"]
[BlackTeam "Palestine"]
[WhiteFideId "11400102"]
[BlackFideId "11501642"]
[EventDate "2014.08.02"]

1. e4 e6 2. d4 d5 3. exd5 exd5 4. Nf3 Bd6 5. Bd3 Ne7 6. O-O O-O 7. Bg5 f6 8. Be3
c6 9. Nh4 g6 10. Bh6 Rf7 11. f4 Kh8 12. f5 g5 13. Qh5 Qg8 14. Ng6+ Nxg6 15. fxg6
Rc7 16. g7+ Rxg7 17. Bxg7+ Qxg7 18. Qe8+ Qg8 19. Qxg8+ Kxg8 20. Rxf6 Bf4 21. Rh6
Bc1 22. Na3 Bxb2 23. Re1 Bxd4+ 24. Kf1 Bd7 25. Re7 Bc5 26. Rexh7 Bxa3 27. Rh5
Bc1 28. Re7 c5 29. Rhh7 Bc6 30. Rhg7+ Kf8 31. Rgf7+ Kg8 32. Bh7+ Kh8 33. Rf8# 1-0

[Event "41st Olympiad Women 2014"]
[Site "Tromso NOR"]
[Date "2014.08.10"]
[Round "8.60"]
[Board "1"]
[White "Diaz, Maria M.A."]
[Black "Wakuruwarewa, Colletta"]
[Result "1-0"]
[WhiteTitle "WFM"]
[WhiteElo "2029"]
[BlackElo "1633"]
[WhiteTeam "Netherlands Antilles"]
[BlackTeam "Zimbabwe"]
[WhiteFideId "7500114"]
[BlackFideId "11001305"]
[EventDate "2014.08.02"]

1. d4 Nf6 2. c4 e6 3. Nf3 d5 4. Nc3 Be7 5. Bg5 Nbd7 6. e3 b6 7. Be2 dxc4 8. Bxc4
Bb7 9. O-O O-O 10. Re1 c5 11. Qe2 Ne4 12. Bf4 Ndf6 13. Red1 Qc8 14. Nxe4 Bxe4
15. Rac1 Rd8 16. Ba6 Qc6 17. Ne5 Qe8 18. Bb5 Qf8 19. Nc6 Rdc8 20. Nxe7+ Qxe7 21.
dxc5 bxc5 22. Bd6 Qd8 23. Bxc5 Qc7 24. b4 Bd5 25. f3 Qe5 26. Ba6 Re8 27. Bd4 Qg5
28. e4 Bxe4 29. fxe4 e5 30. Bc5 h6 31. Bb7 Rad8 32. Bc6 Rxd1+ 33. Rxd1 Rc8 34.
b5 Nh5 35. Be3 Nf4 36. Bxf4 Qxf4 37. Qf3 Qg5 38. h3 Rf8 39. Rd7 f5 40. exf5 Rxf5
41. Qd5+ Kh7 42. Qe4 Kg6 43. Rd6+ Kh7 44. Bd7 Qc1+ 45. Kh2 Qf4+ 46. Qxf4 Rxf4
47. Ra6 e4 48. Kg3 g5 49. Rxa7 Kh8 50. Bg4 e3 51. b6 Rxg4+ 52. hxg4 1-0